000 00484nam a2200145Ia 4500
008 090124s9999 xx 000 0 und d
082 _b134244
245 _a अमेरिकन चित्रपटसृष्टी
250 _a1
260 _bघाटे निरंजन.
_c2006
300 _a136
630 _a अमेरिकन चित्रपटसृष्टी
730 _a अमेरिकन चित्रपटसृष्टी
942 _cBOOK
999 _c188369
_d188369